000 00546nam a2200229Ia 4500
003 OSt
005 20220924150335.0
006 a|||||r|||| 00| 0
007 ta
008 220923b |||||||| |||| 00| 0 tel d
024 _a332789
037 _cTextual
040 _aARTS
_cARTS
_btel
041 _2tel
_atel
082 _aO35,1M95:g, M1
100 _aJashuva
_9221882
245 0 _aKavita
260 _c1981
650 _aTELUGU POETRY
942 _hO35,1M95:g, M1
_cTEXL
_2CC
999 _c462998
_d462998